| Поле | Название | Значение |
| |
Тип записи |
a |
| |
Библиографический уровень |
m |
| 001 |
Контрольный номер |
RU/SLIB/B/208759555 |
| 005 |
Дата корректировки |
20201206204209.3 |
| 010 |
Индекс ISBN |
__ |
| a |
ISBN |
5-930330-071-2 |
| d |
Цена |
92-00 |
| 101 |
Язык документа |
__ |
| a |
Язык текста |
rus |
| 200 |
Заглавие и сведения об ответственности |
__ |
| a |
Заглавие |
Тюменская область. Природа. История. Экономика. Культура |
| e |
Сведения, относящиеся к заглавию |
проф.-вспом. указ. лит. |
| f |
Первые сведения об ответственности |
[сост.: Н. Л. Антуфьева и др. ; вступ. ст. В. П. Петровой ; библиогр. ред. С. Е. Демидовой] |
| b |
Общее обозначение материала |
Текст |
| 210 |
Выходные данные |
__ |
| a |
Место издания |
Тюмень |
| c |
Издательство |
Слово |
| d |
Дата издания |
2004 |
| 215 |
Физическое описание |
__ |
| a |
Объем |
128 с. |
| 330 |
Аннотация |
__ |
| a |
Аннотация |
Предлагаемое библиографическое пособие является профессионально-вспомогательным указателем краеведческой литературы о Тюменской области. |
| 517 |
Другие варианты заглавия |
__ |
| a |
Другие варианты заглавия |
Природа |
| 517 |
Другие варианты заглавия |
__ |
| a |
Другие варианты заглавия |
История |
| 517 |
Другие варианты заглавия |
__ |
| a |
Другие варианты заглавия |
Экономика |
| 517 |
Другие варианты заглавия |
__ |
| a |
Другие варианты заглавия |
Культура |
| 606 |
Тематические рубрики |
__ |
| a |
Основная рубрика |
Литература универсального содержания |
| 606 |
Тематические рубрики |
__ |
| a |
Основная рубрика |
Библиографические пособия |
| 606 |
Тематические рубрики |
__ |
| a |
Основная рубрика |
География |
| y |
Географическая подрубрика |
РФ; Российская Федерация; Россия; Тюменская область |
| 606 |
Тематические рубрики |
__ |
| a |
Основная рубрика |
Краеведение |
| 610 |
Ключевые слова |
__ |
| a |
Ключевые слова |
природа; культура; экономика; история; административно-территориальное деление; законодательная власть; исполнительная власть; правоохранительные органы; общественно-политическая жизнь; демография; транспорт; этнография; искусство; спорт; фольклор; религии; краеведческая литература |
| 686 |
Индексы других классификаций |
__ |
| a |
Классификационный индекс |
91.9:2 |
| 686 |
Индексы других классификаций |
__ |
| a |
Классификационный индекс |
26.89(2Рос-4Тюм)я1; ст91.9:2 + ст26.89(2Рос-4Тюм)я1 |
| 702 |
Вторичная интеллектуальная ответственность |
_1 |
| a |
Фамилия |
Антуфьева |
| b |
Имя |
Н. Л. |
| 4 |
Код отношения |
Составитель |
| 4 |
Код отношения |
220 |
| 702 |
Вторичная интеллектуальная ответственность |
_1 |
| a |
Фамилия |
Петрова |
| b |
Имя |
В. П. |
| 4 |
Код отношения |
Автор предисловия и т.д. |
| 4 |
Код отношения |
080 |
| 801 |
Источник записи |
_0 |
| a |
Страна |
RU |
| b |
Организация |
Муниципальное бюджетное учреждение культуры "Централизованная библиотечная система" г. Сургут (Центральная городская библиотека им. А. С. Пушкина) |
| g |
Правила каталогизации |
КиК/Гришунина |
| 801 |
Источник записи |
_1 |
| a |
Страна |
RU |
| b |
Организация |
Муниципальное бюджетное учреждение культуры "Централизованная библиотечная система" г. Сургут (Центральная городская библиотека им. А. С. Пушкина) |
| g |
Правила каталогизации |
КиК/Гришунина |
| 852 |
Данные о местонахождении |
__ |
| j |
Шифр хранения |
91.9:2 |
| i |
Авторский знак |
Т 98 |
| 901 |
Тип документа |
__ |
| t |
Тип документа |
m |
| 903 |
Характеристики (МАРС) |
__ |
| a |
Дата передачи |
20041210 |
| 969 |
Тип издания |
__ |
| a |
Тип издания |
библиографический указатель ; указатель |
| 990 |
Данные о заказе (DOS) |
__ |
| j |
Количество экземпляров (DOS) |
5 |
| t |
N записи в КСУ для И/У (DOS) |
200412 |